Quizzes
Events
Quiz Creation
Community
Videos
Private Events
Remove Ads
Sign In
Join for FREE
Feedback
Dark Mode
Quiz Categories
Sports
Geography
Music
Movies
Television
Just For Fun
Miscellaneous
History
Literature
Language
Science
Gaming
Entertainment
Religion
Holiday
For Kids
Quiz Lab
Recent
Popular Today
Quiz Kudos Today
Editor Picks
Curator Picks
Quizzes by...
Day
Popularity
Type
Ratings
Length
Year
Community
Subscriptions
Recent Discussions
Orange Saloon
Badges
Playlists
Quests
Create
Leaderboards
Showdown
Live 5
Trivia Bingo
Activity
Puzzle Library
Sporcle Events
Private Events
Virtual Trivia
Globe League
Become a Host
Pub Owners
SporcleCon
Opinionation
Our Games
Videos
Blog
Mobile Apps
Partnerships
Remove Ads and Go Orange
Feedback
Sports
Athletes
MLB
NBA
NHL
NFL
Soccer
Sports Teams
WWE
NCAA
Football
Premier League
Basketball
Baseball
Hockey
Golf
Tennis
Cricket
Rugby
Auto Racing
Olympics
World Cup
Sports
Athletes
MLB
NBA
NHL
NFL
Soccer
Sports Teams
WWE
NCAA
Football
Premier League
Basketball
Baseball
Hockey
Golf
Tennis
Cricket
Rugby
Auto Racing
Olympics
World Cup
Random Quiz
Search Sporcle
×
Quiz Lab
Quiz Lab
Sports
NFL
Type in answers that appear in a list
Type in answers that appear in a list
Classic
Best Score? Go Orange.
Most 10 + Reception Games, Career Stats
Can you name the NFL players with the most 10 + reception games ?
By
whiteparrot
7m
21 Questions
6,816 Plays
6,816 Plays
6,816 Plays
Comments
Comments
Give Quiz Kudos
Give Quiz Kudos
-
- Ratings
hide this ad
More Info
Replay
Link that replays current quiz
Next Quiz
Link to next quiz in quiz playlist
You Got
0%
They Got
Avg Score
72%
Avg Friend Score
Upgrade to see
Score Distribution
Jump to the score distribution portion of the page
Score
0/21
Timer
07:00
0
Plays Today
# of games
Player
% Correct
17
Jerry Rice
98.2%
11
Randy Moss
97.1%
16
Marvin Harrison
96.8%
14
Andre Johnson
96.7%
8
Chad Ochocinco
94.9%
11
Reggie Wayne
91.8%
11
Torry Holt
89.7%
11
Wes Welker
84.1%
14
Cris Carter
84%
9
Isaac Bruce
83.7%
12
Anquan Boldin
81.9%
# of games
Player
% Correct
10
Jimmy Smith
80.6%
8
J.T. Smith
80.3%
13
Tim Brown
72%
8
Derrick Mason
70.4%
11
Tony Gonzalez
64.6%
8
T.J. Houshmandzadeh
47.3%
9
Herman Moore
44.5%
8
Brandon Marshall
31.2%
8
Al Toon
16.8%
10
Lionel Taylor
8.1%
Quiz Playlist
Details
Report
Send in Message
Add To Playlist
More Info:
"Team(s)" refers to the teams which the player caught 10 passes with, not all of the teams they played for.
Classic:
Type in answers that appear in a list
Quiz Source
Last Updated: Jul 13, 2017
Quiz Scoreboard
CHALLENGE
Sign Up to Join the Scoreboard
Show All
Scores
Hide
Comments
May contain spoilers
Recently Published
An Introduction to Baseball
by treessimontrees
Sports
5m
Movies - When Are They Set?
by FPL_Elf
Movies
5m
Popular People in 1961
by mucciniale
History
6m
More to Explore
Quiz From the Vault
Featured Blog Post
Where Did the Easter Bunny Come From?
hide this ad
You Might Also Like...
Tags
NFL Quiz
Career
Player
reception
team
Today's Top Quizzes in Sports
Browse Sports
hide this ad
Today's Top Quizzes in NFL
Browse NFL
Top Contributed Quizzes in Sports
1
Les meilleurs buteurs des matchs entre le PSG et l’OM
2
2022 World Cup Stars
3
FIFA Club World Cup Champions
4
Les entraîneurs de l'OM et du PSG au 21e siècle
5
Name the Premier League winners with different clubs
6
La finale Lions - Afrique du Sud 2021
7
Criteria MLB: Left Handed Sluggers
8
Les joueurs passés par le LOSC et le RC Lens
9
Players with Multiple 50 Home Run Seasons
10
MLB Players with Two .350 Batting Average Seasons
Explore More
Trending Topics
Crossword
NBA
Harry Potter
Kpop
Marvel
Anime
Disney
NFL
Puzzle
Soccer
Pokémon
Country
The Office
WWE
Song
hide this ad
More By:
whiteparrot
Quiz
Plays
Rating
Category
Featured
Created
NFL Most Sacked QBs
62,700
4.32
Sports
Sep 30, 2009
Most 10 + Reception Games, Career
6,816
4.27
Sports
Dec 2, 2009
Decade-by-Decade NFL Leaders
4,525
4.32
Sports
Dec 20, 2009
The NFL Random QB Trivia Game
3,470
4.03
Sports
Nov 29, 2009
Oldest QBs to Start an NFL Game
3,370
4.38
Sports
Dec 8, 2009
Go to Creator's Profile
Score Distribution
Quiz Creator Spotlight
whiteparrot
Follow
Send a Message
Quizzes Created
-
Created Quiz Play Count
-
More By This Creator
Popular Quizzes Today
1
Find the Countries of Europe - No Outlines Minefield
2
Find the US States - No Outlines Minefield
3
The Countries of the World
4
Popular People in 1961
5
US States
6
1-10 Letter E Words III
7
Find the US States
8
One Thing in Common: World Cities II
More Sports Quizzes
NHL Goalies : Most wins single season per franchise
Editor's Pick
Trending Quizzes
Risky Map Clicking: Least Populous States A-Z
1-10 Letter F Words
1-10 Letter G Words
One Thing in Common: United Kingdom
Risky Map Clicking: Next State Alphabetically
Recently Updated
Leaping Animals
pecheneg
Reality TV Shows (A-Z)
bhenderson79
Rickey Henderson's Hall of Fame Teammates
pecheneg
Champions League XIs: Arsenal
pecheneg
Quick Pick: Celebrities in WWE's Hall of Fame
aduchscher
A-Z Keypad Blitz II
pecheneg
Multiple Oscar Actors
pecheneg
Mystery Phrase Blitz: Oscar 'Best Actors'
pecheneg
F. Scott Fitzgerald Novels
LTH
Pick 3 Villains
ddd62291
Trending Topics
Anime
NBA
Crossword
Marvel
Kpop
Disney
Harry Potter
Song
The Office
NFL
Pokémon
Soccer
Country
WWE
Puzzle
Your Account Isn't Verified!
In order to create a playlist on Sporcle, you need to verify the email address you used during registration. Go to your
Sporcle Settings
to finish the process.
Report this User
Report this user for behavior that violates our
Community Guidelines
.
Details:
Send Report
Go to the Sporcle.com Mobile Site →
Comments